| 000 | 00822cam a2200241 a 4500 | ||
|---|---|---|---|
| 001 | 000002590 | ||
| 005 | 20200929150223.0 | ||
| 008 | 981006s1998 sp b 000 p spa d | ||
| 020 | _a8437616425 | ||
| 040 |
_aDO-SdBNP _cPL# _dOCL _dBUF _dDLC |
||
| 082 |
_a861.08 _bA634c, 1998 |
||
| 245 | 0 | 0 |
_aAntología cátedra de poesía de las letras hispánicas / _cselección e introducción, José Francisco Ruiz Casanova. |
| 250 | _a2a ed. | ||
| 260 |
_aMadrid : _bCátedra, _c1998. |
||
| 300 |
_a928 p. ; _c18 cm. |
||
| 440 | 0 |
_aLetras hispánicas ; _v500 _94208 |
|
| 504 | _aIncluye referencias bibliográficas (p. 63-81). | ||
| 650 | 4 |
_aPoesía española _9631 |
|
| 650 | 0 |
_aPoesía hispanoamericana _98160 |
|
| 700 | 1 |
_aRuiz Casanova, José Francisco, _eintr. _98161 |
|
| 910 | _aCatalogación por copia / LC | ||
| 910 | _aWM | ||
| 999 |
_c2426 _d2426 |
||